Amending the Act of June 30, 1949, which increased the compensation of certain employees of the District of Columbia, so as to clarify the provisions relating to retired policemen and firemen.

Bibliographic Details
Corporate Authors: United States. Congress. Senate. Committee on the District of Columbia, ProQuest (Firm)
Format: eBook
Language:English
Published: Washington : [publisher not identified], 1949.
Series:United States congressional serial set.
Subjects:
Online Access:Connect to the full text of this electronic book

MARC

Tag First Indicator Second Indicator Subfields
LEADER 00000cam a22000001a 4500
001 in00003090521
005 20190403181605.0
006 m o d
007 cr un mmmapmmp
008 080311s1949 dcu o f000 0 eng d
035 |a cis2004231019 
040 |a UMI  |c UMI  |d UtOrBLW 
043 |a n-us--- 
099 |a ProQuest Serial Set Number 11294 S.rp.1140 
110 1 |a United States.  |b Congress.  |b Senate.  |b Committee on the District of Columbia. 
245 1 0 |a Amending the Act of June 30, 1949, which increased the compensation of certain employees of the District of Columbia, so as to clarify the provisions relating to retired policemen and firemen. 
246 1 |a Increasing compensation of retired policemen and firemen in District of Columbia 
264 1 |a Washington :  |b [publisher not identified],  |c 1949. 
300 |a 1 online resource. 
336 |a text  |b txt  |2 rdacontent 
337 |a computer  |b c  |2 rdamedia 
338 |a online resource  |b cr  |2 rdacarrier 
490 0 |a S.rp.1140 
500 |a Record is based on bibliographic data in ProQuest U.S. Serial Set Digital Collection (last viewed Mar. 2008). Reuse except for individual research requires license from ProQuest, LLC. 
510 3 |a ProQuest U.S. Serial Set Digital Collection 
500 |a Electronic resource. 
650 0 |a Retired military personnel. 
651 0 |a United States  |x Officials and employees  |x Salaries, etc. 
655 7 |a Electronic books.  |2 local 
710 2 |a ProQuest (Firm) 
830 0 |a United States congressional serial set. 
856 4 0 |u http://proxy.library.tamu.edu/login?url=http://congressional.proquest.com/congcomp/getdoc?SERIAL-SET-ID=11294+S.rp.1140  |z Connect to the full text of this electronic book  |t 0 
999 |a MARS 
999 f f |s ee6bbde2-4464-3dd3-b5ce-ab4c06a136ca  |i d7de4642-c420-33c4-9379-4558d3963253  |t 0 
952 f f |a Texas A&M University  |b College Station  |c Electronic Resources  |d Available Online  |t 0  |e ProQuest Serial Set Number 11294 S.rp.1140  |h Other scheme 
998 f f |a ProQuest Serial Set Number 11294 S.rp.1140  |t 0  |l Available Online